Catálogo
 En Linea

Dos pensadores Chilenos : (Registro nro. 31471)

Detalles MARC
000 -CABECERA
campo de control de longitud fija 01056nam a2200253 a 4500
001 - NÚMERO DE CONTROL
campo de control 000031980
003 - IDENTIFICADOR DEL NÚMERO DE CONTROL
campo de control OSt
005 - FECHA Y HORA DE LA ÚLTIMA TRANSACCIÓN
campo de control 20221018102753.0
008 - DATOS DE LONGITUD FIJA--INFORMACIÓN GENERAL
campo de control de longitud fija 110707s195? dr r 000 0 spa d
040 ## - FUENTE DE LA CATALOGACIÓN
Centro catalogador/agencia de origen DO-SdBNP
Lengua de catalogación spa
Centro/agencia transcriptor BNPHU
082 #4 - NÚMERO DE LA CLASIFICACIÓN DECIMAL DEWEY
Número de clasificación 921.683
Número de documento/Ítem V161do
Número de edición 22
100 1# - ENTRADA PRINCIPAL--NOMBRE DE PERSONA
Nombre de persona Valenzuela, Victor M.
9 (RLIN) 58141
Fechas asociadas al nombre 1920-
245 10 - MENCIÓN DE TÍTULO
Título Dos pensadores Chilenos :
Resto del título Jorge Millas y Waldo Ross /
Mención de responsabilidad, etc. Victor M. Valenzuela.
260 ## - PUBLICACIÓN, DISTRIBUCIÓN, ETC.
Lugar de publicación, distribución, etc. [Puerto Rico] ;
Fecha de publicación, distribución, etc. [195?].
300 ## - DESCRIPCIÓN FÍSICA
Extensión 16 p. ;
Dimensiones 23 cm.
500 ## - NOTA GENERAL
Nota general Este estudio fue publicado por la Revista Asomante de la Asociación de Graduadas de la Universidad de Puerto Rico, San Juan P. R., no. 3-1955. Se reproduce aquí para uso de los estudiantes de la cátedra de Filosofía Latino Americana de la Universidad de Santo Domingo.
504 ## - NOTA DE BIBLIOGRAFÍA, ETC.
Nota de bibliografía, etc. Bibliografía : p. 16
590 ## - NOTA LOCAL (RLIN)
Nota local Inventariado, 2018/LP
600 14 - PUNTO DE ACCESO ADICIONAL DE MATERIA--NOMBRE DE PERSONA
Nombre de persona Millas, Jorge,
Fechas asociadas al nombre 1919-1982.
9 (RLIN) 77322
600 14 - PUNTO DE ACCESO ADICIONAL DE MATERIA--NOMBRE DE PERSONA
Nombre de persona Ross, Waldo,
Fechas asociadas al nombre 1926-
9 (RLIN) 73560
650 #4 - PUNTO DE ACCESO ADICIONAL DE MATERIA--TÉRMINO DE MATERIA
Término de materia o nombre geográfico como elemento de entrada Filósofos chilenos
Subdivisión cronológica Siglo XX
9 (RLIN) 77323
910 ## - DATOS DE OPCIÓN DEL USUARIO (OCLC)
Datos de opción del usuario Validado. Control de calidad MFF
942 ## - ELEMENTOS DE PUNTO DE ACCESO ADICIONAL (KOHA)
Fuente del sistema de clasificación o colocación Dewey Decimal Classification
Tipo de ítem Koha Libro
Existencias
Estado de retiro Estado de pérdida Fuente del sistema de clasificación o colocación Restricciones de uso No para préstamo Código de colección Localización permanente Ubicación/localización actual Ubicación en estantería Fecha de adquisición Signatura topográfica completa Código de barras Fecha visto por última vez Precio válido a partir de Tipo de ítem Koha
    Dewey Decimal Classification Excluido de préstamo   General Raros y Valiosos Biblioteca Nacional Pedro Henríquez Ureña Biblioteca Nacional Pedro Henríquez Ureña Depósito 07.07.2011 BNPHU GR-RV 921.683 V161do 31980-10 25.06.2020 25.06.2020 Libro

Con tecnología Koha